| 000 | 00527nam a2200193Ia 4500 | ||
|---|---|---|---|
| 003 | 0100 | ||
| 008 | 130227s9999 xx 000 0 und d | ||
| 040 | _cARRUPELIB | ||
| 050 | _aHC910.K96 2003 | ||
| 100 |
_aKurotwi, Lovemore _923427 |
||
| 245 | _aZimbabwe and its economy - pre and post independence | ||
| 245 | _babuse of priviledges | ||
| 260 | _aZimbabwe | ||
| 260 | _bG. L Trade International | ||
| 300 | _a85p. | ||
| 300 | _b 22cm. | ||
| 650 |
_aZimbabwe _xEconomic conditions _923133 |
||
| 942 |
_2lcc _02 _cMONOGRAPH |
||
| 999 |
_c4434 _d4434 |
||